[Event "Bethune op-A"]
[Site "Bethune"]
[Date "2009.12.26"]
[Round "1"]
[White "Op den Kelder, Joram"]
[Black "Cabrera Pino, Alexis"]
[Result "0-1"]
[WhiteElo "2291"]
[BlackElo "2528"]
[PlyCount "82"]
[EventDate "2009.12.26"]
[EventType "swiss"]
[EventRounds "9"]
[EventCountry "FRA"]
[SourceTitle "EXT 2011"]
[Source "ChessBase"]
[SourceDate "2010.11.26"]
[SourceVersion "1"]
[SourceVersionDate "2010.11.26"]
[SourceQuality "1"]

1. Nf3 Nf6 2. d4 g6 3. g3 Bg7 4. Bg2 0-0 5. 0-0 d5 6. c4 c6 7. cxd5 cxd5 8. Nc3 Ne4 9. Nxe4 dxe4 10. Ng5 Qxd4 11. Nxe4 Nc6 12. Nc3 Be6 13. Qxd4 Bxd4 14. Bf4 Bxc3 15. bxc3 Rac8 16. Rfd1 f6 17. Bd5 Bxd5 18. Rxd5 Rfd8 19. Rad1 Kf7 20. e4 Rxd5 21. Rxd5 Ke6 22. Kf1 Nd8 23. Ke2 Nf7 24. Kd2 g5 25. Be3 Nd6 26. Kd3 f5 27. Ra5 Nxe4 28. Rxa7 Rxc3+ 29. Kd4 Rc7 30. Ra8 g4 31. a4 Rc2 32. Ra7 Nd6 33. Kd3 Ra2 34. Bc5 Ne4 35. Be3 Nxf2+ 36. Bxf2 Rxf2 37. Rxb7 Rxh2 38. Kc4 f4 39. gxf4 g3 40. Rb8 Kf5 41. a5 Ra2 0-1

[Event "Heart of Finland op 19th"]
[Site "Jyvaskyla"]
[Date "2009.07.11"]
[Round "8"]
[White "Op den Kelder, Joram"]
[Black "Kosmo, Santul"]
[Result "1-0"]
[WhiteElo "2293"]
[BlackElo "2214"]
[PlyCount "97"]
[EventDate "2009.07.07"]
[EventType "swiss"]
[EventRounds "9"]
[EventCountry "FIN"]
[SourceTitle "CBM 131 Extra"]
[Source "ChessBase"]
[SourceDate "2009.09.03"]
[SourceVersion "2"]
[SourceVersionDate "2009.09.16"]
[SourceQuality "1"]

1. Nf3 Nf6 2. d4 c5 3. c4 cxd4 4. Nxd4 b6 5. Nc3 Bb7 6. Bg5 e6 7. Qd2 a6 8. e4 d6 9. Bd3 Be7 10. 0-0 Nbd7 11. Rae1 Qc7 12. f4 0-0-0 13. f5 Nf8 14. Kh1 Kb8 15. a4 Ng4 16. Bxe7 Qxe7 17. b4 Nd7 18. Be2 h5 19. h3 Nde5 20. Kg1 Nf6 21. a5 Nxe4 22. Nxe4 Bxe4 23. axb6 Qb7 24. c5 dxc5 25. Qf4 f6 26. Nxe6 Bxg2 27. Bxa6 Qxa6 28. Kxg2 Qa2+ 29. Kg1 g5 30. Qe4 Rd3 31. Re2 Qa3 32. Nxc5 Rg3+ 33. Kf2 Rf3+ 34. Kg1 Rxf1+ 35. Kxf1 Qxh3+ 36. Rg2 Qf3+ 37. Qxf3 Nxf3 38. Ra2 Rh7 39. Re2 Ne5 40. Rd2 Rh8 41. Ra2 Rh7 42. Rd2 Rh8 43. Rd6 h4 44. Re6 h3 45. Re7 Nc6 46. Rc7 Ka8 47. Nd7 h2 48. b7+ Ka7 49. b8Q+ 1-0

[Event "Heart of Finland op 19th"]
[Site "Jyvaskyla"]
[Date "2009.07.10"]
[Round "6"]
[White "Op den Kelder, Joram"]
[Black "Valli, Frans"]
[Result "1/2-1/2"]
[WhiteElo "2293"]
[BlackElo "2188"]
[PlyCount "128"]
[EventDate "2009.07.07"]
[EventType "swiss"]
[EventRounds "9"]
[EventCountry "FIN"]
[SourceTitle "CBM 131 Extra"]
[Source "ChessBase"]
[SourceDate "2009.09.03"]
[SourceVersion "2"]
[SourceVersionDate "2009.09.16"]
[SourceQuality "1"]

1. Nf3 Nf6 2. d4 d5 3. c4 c6 4. e3 Bf5 5. Nc3 e6 6. Be2 Bd6 7. Qb3 Qc7 8. Bd2 Nbd7 9. Rc1 Qb8 10. h3 Ne4 11. Nxe4 Bxe4 12. Bb4 0-0 13. Bxd6 Qxd6 14. 0-0 dxc4 15. Qxc4 Bd5 16. Qc3 Nf6 17. Ne5 Ne4 18. Qc2 c5 19. Nc4 Qe7 20. dxc5 Qxc5 21. Bd3 f5 22. b3 Rac8 23. Qb2 Qe7 24. Qe5 Qf6 25. Qxf6 gxf6 26. Rfd1 Nc5 27. Bxf5 Bxc4 28. Rxc4 exf5 29. Rdc1 Nxb3 30. axb3 Rxc4 31. Rxc4 Kg7 32. Kh2 Kg6 33. Kg3 b5 34. Rc5 a6 35. Rc6 Rd8 36. Rxa6 Rd3 37. Kf4 Rxb3 38. f3 Rb4+ 39. e4 fxe4 40. fxe4 Rc4 41. g4 Rc5 42. h4 h6 43. Ra7 h5 44. g5 fxg5+ 45. hxg5 Rc1 46. Ra6+ Kg7 47. Rb6 Rf1+ 48. Ke5 h4 49. Rxb5 Kg6 50. Rb8 Kxg5 51. Rg8+ Kh5 52. Rh8+ Kg4 53. Kd6 h3 54. e5 Re1 55. e6 Kg3 56. e7 h2 57. Kd7 Kg2 58. Rg8+ Kh1 59. e8Q Rxe8 60. Rxe8 Kg2 61. Rg8+ Kf2 62. Rh8 Kg2 63. Ke6 h1Q 64. Rxh1 Kxh1 1/2-1/2

[Event "Heart of Finland op 19th"]
[Site "Jyvaskyla"]
[Date "2009.07.09"]
[Round "5"]
[White "Aijala, Jouko"]
[Black "Op den Kelder, Joram"]
[Result "1/2-1/2"]
[WhiteElo "2176"]
[BlackElo "2293"]
[PlyCount "81"]
[EventDate "2009.07.07"]
[EventType "swiss"]
[EventRounds "9"]
[EventCountry "FIN"]
[SourceTitle "CBM 131 Extra"]
[Source "ChessBase"]
[SourceDate "2009.09.03"]
[SourceVersion "2"]
[SourceVersionDate "2009.09.16"]
[SourceQuality "1"]

1. d4 d5 2. Nf3 Nf6 3. c4 dxc4 4. e3 e6 5. Bxc4 c5 6. Nc3 a6 7. a4 Nc6 8. 0-0 cxd4 9. exd4 Be7 10. Re1 0-0 11. Bg5 Bd7 12. Qe2 Rc8 13. Rad1 Re8 14. Ba2 Nb4 15. Bb1 Nbd5 16. Qd3 g6 17. Ne5 Nxc3 18. bxc3 Bxa4 19. Rd2 Nd7 20. Bxe7 Nxe5 21. Rxe5 Rxe7 22. c4 Rd7 23. g3 Qc7 24. Ba2 Qxe5 25. dxe5 Rxd3 26. Rxd3 Kf8 27. f4 Ke7 28. Kf2 Bd7 29. Ke3 Kd8 30. g4 Rc5 31. Kd4 Ra5 32. Bb3 Ra1 33. Rh3 a5 34. Rxh7 a4 35. Bc2 Ke7 36. Bxg6 Be8 37. Kc3 Rf1 38. f5 Rf3+ 39. Kb2 Rf2+ 40. Ka3 Rf3+ 41. Ka2 1/2-1/2

[Event "Heart of Finland op 19th"]
[Site "Jyvaskyla"]
[Date "2009.07.08"]
[Round "2"]
[White "Op den Kelder, Joram"]
[Black "Iivonen, Markku"]
[Result "1-0"]
[WhiteElo "2293"]
[BlackElo "2048"]
[PlyCount "89"]
[EventDate "2009.07.07"]
[EventType "swiss"]
[EventRounds "9"]
[EventCountry "FIN"]
[SourceTitle "CBM 131 Extra"]
[Source "ChessBase"]
[SourceDate "2009.09.03"]
[SourceVersion "2"]
[SourceVersionDate "2009.09.16"]
[SourceQuality "1"]

1. Nf3 d5 2. d4 c5 3. c4 e6 4. e3 Nf6 5. Nc3 Nc6 6. cxd5 exd5 7. dxc5 Bxc5 8. Be2 0-0 9. 0-0 Bf5 10. b3 Re8 11. Bb2 Rc8 12. Rc1 Bf8 13. Nd4 Bd7 14. Bf3 Ne5 15. Nxd5 Nxf3+ 16. Nxf3 Ne4 17. Rxc8 Bxc8 18. Qd4 b6 19. Rc1 Bb7 20. Nc7 Qxd4 21. Nxd4 Rc8 22. f3 Nc5 23. Ncb5 a6 24. Na7 Re8 25. Rc3 g6 26. Kf2 Bg7 27. Ba3 Ne6 28. Rc2 Nxd4 29. exd4 Bxd4+ 30. Kg3 Be5+ 31. f4 Bd4 32. Bc1 Bc5 33. a3 Be3 34. Bb2 Bg1 35. Be5 Be4 36. Rc7 b5 37. Nc8 g5 38. Ne7+ Kf8 39. Bd6 gxf4+ 40. Kxf4 Bxh2+ 41. g3 Ba8 42. Kg5 h6+ 43. Kxh6 Bg1 44. Kh7 Rd8 45. Ng6+ 1-0

[Event "Maastricht Limburg op 3rd"]
[Site "Maastricht"]
[Date "2009.06.01"]
[Round "6"]
[White "Op den Kelder, Joram"]
[Black "Koenig, Christian"]
[Result "1-0"]
[WhiteElo "2265"]
[BlackElo "2140"]
[PlyCount "61"]
[EventDate "2009.05.29"]
[EventType "swiss"]
[EventRounds "7"]
[EventCountry "NED"]
[SourceTitle "CBM 130 Extra"]
[Source "ChessBase"]
[SourceDate "2009.07.02"]
[SourceVersion "2"]
[SourceVersionDate "2009.07.15"]
[SourceQuality "1"]

1. Nf3 b6 2. d4 Bb7 3. c4 e6 4. Nc3 Bb4 5. Qb3 a5 6. a3 a4 7. Qc2 Bxc3+ 8. Qxc3 Nf6 9. Bg5 d6 10. e3 Nbd7 11. Be2 Ra5 12. Bxf6 Nxf6 13. 0-0 Qa8 14. Ne1 Rg5 15. f3 h5 16. e4 h4 17. Qe3 Rg6 18. Nd3 Qa5 19. Rac1 Nh5 20. c5 bxc5 21. dxc5 Ba6 22. e5 Rgh6 23. cxd6 cxd6 24. Qa7 0-0 25. Nb4 Qxe5 26. Bxa6 Qxb2 27. Qe3 Rg6 28. Rf2 Qf6 29. Nd3 d5 30. Qe5 h3 31. Qxh5 1-0

[Event "Maastricht Limburg op 3rd"]
[Site "Maastricht"]
[Date "2009.06.01"]
[Round "7"]
[White "Smith, Thijmen"]
[Black "Op den Kelder, Joram"]
[Result "1/2-1/2"]
[WhiteElo "1955"]
[BlackElo "2265"]
[PlyCount "53"]
[EventDate "2009.05.29"]
[EventType "swiss"]
[EventRounds "7"]
[EventCountry "NED"]
[SourceTitle "CBM 130 Extra"]
[Source "ChessBase"]
[SourceDate "2009.07.02"]
[SourceVersion "2"]
[SourceVersionDate "2009.07.15"]
[SourceQuality "1"]

1. e4 c5 2. Nf3 e6 3. d4 cxd4 4. Nxd4 Nc6 5. Nc3 Qc7 6. Be3 a6 7. Bd3 Nf6 8. 0-0 Ne5 9. h3 Bc5 10. Kh1 b5 11. f4 Nxd3 12. cxd3 Qb6 13. Nce2 a5 14. Rc1 Ba6 15. Qd2 Bb4 16. Qd1 Qb7 17. a3 Be7 18. Nb3 a4 19. Nc5 Qb8 20. Qd2 Bc8 21. e5 Nd5 22. Ne4 Nxe3 23. Qxe3 0-0 24. N2g3 Bb7 25. d4 Bxe4 26. Nxe4 f5 27. Nc5 1/2-1/2

[Event "Delft Prinsenstad op-A"]
[Site "Delft"]
[Date "2009.01.03"]
[Round "3"]
[White "Op den Kelder, Joram"]
[Black "Van Oosterom, Chiel"]
[Result "1-0"]
[WhiteElo "2228"]
[BlackElo "2419"]
[PlyCount "68"]
[EventDate "2009.01.02"]
[EventType "swiss"]
[EventRounds "6"]
[EventCountry "NED"]
[SourceTitle "EXT 2011"]
[Source "ChessBase"]
[SourceDate "2010.11.26"]
[SourceVersion "1"]
[SourceVersionDate "2010.11.26"]
[SourceQuality "1"]

1. Nf3 c5 2. c4 Nc6 3. d4 cxd4 4. Nxd4 f5 5. Nc3 g6 6. e4 fxe4 7. Nxe4 Bg7 8. Be3 Nf6 9. Nxf6+ Bxf6 10. Qd2 Nxd4 11. Bxd4 0-0 12. Bxf6 Rxf6 13. Be2 Qb6 14. 0-0 d6 15. Bf3 Be6 16. b3 Raf8 17. Rfe1 R8f7 18. Rac1 a5 19. Re2 Bf5 20. Qe1 Kf8 21. c5 dxc5 22. Re5 Bd7 23. Rexc5 Bc6 24. Bxc6 bxc6 25. f3 Rf5 26. Qf2 R5f6 27. Re5 Qd8 28. Rec5 Qb6 29. R5c4 Qd8 30. Qd4 Qe8 31. Rc5 Kg8 32. Qc4 Rf4 33. Qc3 R7f6 34. Qxa5 Qd7 1-0

[Event "NED-ch U21"]
[Site "Venlo"]
[Date "2008.04.30"]
[Round "6"]
[White "Op den Kelder, Joram"]
[Black "Slagter, Ruben"]
[Result "1-0"]
[WhiteElo "2245"]
[BlackElo "1905"]
[PlyCount "135"]
[EventDate "2008.04.25"]
[EventType "swiss"]
[EventRounds "9"]
[EventCountry "NED"]
[SourceTitle "CBM 123 Extra"]
[Source "ChessBase"]
[SourceDate "2008.05.06"]
[SourceVersion "1"]
[SourceVersionDate "2008.05.06"]
[SourceQuality "1"]

1. d4 d5 2. c4 dxc4 3. e4 Nf6 4. e5 Nd5 5. Bxc4 Nb6 6. Bd3 Nc6 7. Be3 Be6 8. Nc3 Bd5 9. Nxd5 Nxd5 10. Ne2 e6 11. 0-0 Be7 12. Nc3 Qd7 13. Be4 0-0-0 14. Nxd5 exd5 15. Bd3 f5 16. f4 h5 17. a3 Nb8 18. b4 Qe6 19. b5 b6 20. Qa4 Kb7 21. Rfc1 Rc8 22. Rc3 c5 23. bxc6+ Rxc6 24. Rxc6 Nxc6 25. Bb5 Nb8 26. Rc1 Rc8 27. Rxc8 Qxc8 28. Qb3 Qe6 29. Be2 Na6 30. Bxh5 Nc7 31. Bf3 Qc6 32. h3 b5 33. Be2 Qa6 34. Bc1 Qc6 35. Bd2 Qb6 36. Bc3 a5 37. Bd3 g6 38. Kf2 b4 39. axb4 Bxb4 40. Ke3 Bxc3 41. Qxc3 Ne6 42. g4 g5 43. gxf5 gxf4+ 44. Kf3 Nxd4+ 45. Kg4 f3 46. e6 Nxe6 47. fxe6 Qxe6+ 48. Kg3 Qg8+ 49. Kxf3 Qf8+ 50. Kg4 Qg8+ 51. Kh5 Qe8+ 52. Bg6 Qe2+ 53. Kh6 Qf2 54. Qb3+ Ka7 55. Qc3 Qh4+ 56. Bh5 Qf4+ 57. Kh7 Qf5+ 58. Bg6 Qd7+ 59. Kh6 Qd8 60. Qd4+ Kb7 61. h4 Qf8+ 62. Kg5 Qe7+ 63. Kf5 Qd7+ 64. Kf6 Qd8+ 65. Kg7 Qd6 66. Bf7 Qg3+ 67. Kh7 Ka6 68. h5 1-0

[Event "NED-ch U21"]
[Site "Venlo"]
[Date "2008.04.27"]
[Round "3"]
[White "Op den Kelder, Joram"]
[Black "Hortensius, Nick"]
[Result "0-1"]
[WhiteElo "2245"]
[BlackElo "1990"]
[PlyCount "118"]
[EventDate "2008.04.25"]
[EventType "swiss"]
[EventRounds "9"]
[EventCountry "NED"]
[SourceTitle "CBM 123 Extra"]
[Source "ChessBase"]
[SourceDate "2008.05.06"]
[SourceVersion "1"]
[SourceVersionDate "2008.05.06"]
[SourceQuality "1"]

1. e4 e6 2. d4 d5 3. Nc3 Nc6 4. Nf3 Nf6 5. e5 Ne4 6. Ne2 f6 7. Ng3 fxe5 8. Bb5 exd4 9. Nxe4 dxe4 10. Nxd4 Qd5 11. Nxc6 a6 12. Ba4 Bd7 13. c4 Qxd1+ 14. Kxd1 Bxc6 15. Bxc6+ bxc6 16. Ke2 Bc5 17. Be3 Bxe3 18. Kxe3 Rd8 19. Rhd1 0-0 20. Rac1 Rd6 21. Rxd6 cxd6 22. Rc2 Kf7 23. Kxe4 Ke7 24. f4 d5+ 25. Ke3 Kd6 26. b3 c5 27. g4 a5 28. Rd2 g6 29. h4 a4 30. Rd3 Ra8 31. Kf3 axb3 32. axb3 Ra1 33. Kg2 d4 34. h5 gxh5 35. gxh5 Rc1 36. Rg3 Rc2+ 37. Kg1 Rc3 38. Rg7 Rf3 39. Rxh7 Rxf4 40. h6 Ke5 41. Re7 Rh4 42. h7 Ke4 43. Rxe6+ Kd3 44. Re5 Rxh7 45. Rxc5 Kc3 46. Rd5 d3 47. c5 d2 48. Kf2 Rh5 49. Rxh5 d1Q 50. Rh3+ Kb4 51. c6 Qc2+ 52. Ke1 Qxc6 53. Rd3 Qc2 54. Re3 Kc5 55. Rg3 Kd4 56. Rf3 Qg2 57. Rf2 Qg3 58. Ke2 Qd3+ 59. Ke1 Ke3 0-1

[Event "NED-ch U21"]
[Site "Venlo"]
[Date "2008.04.26"]
[Round "2"]
[White "Nabuurs, Mart"]
[Black "Op den Kelder, Joram"]
[Result "0-1"]
[WhiteElo "2093"]
[BlackElo "2245"]
[PlyCount "80"]
[EventDate "2008.04.25"]
[EventType "swiss"]
[EventRounds "9"]
[EventCountry "NED"]
[SourceTitle "CBM 123 Extra"]
[Source "ChessBase"]
[SourceDate "2008.05.06"]
[SourceVersion "1"]
[SourceVersionDate "2008.05.06"]
[SourceQuality "1"]

1. e4 c5 2. Nc3 Nc6 3. g3 g6 4. Bg2 Bg7 5. d3 d6 6. Be3 e5 7. Qd2 Nge7 8. Bh6 0-0 9. h4 Bxh6 10. Qxh6 f6 11. Qd2 Nd4 12. Nd5 Bd7 13. c3 Ndc6 14. f4 Bg4 15. Bf3 Bxf3 16. Nxf3 Nxd5 17. exd5 Ne7 18. h5 gxh5 19. fxe5 Nxd5 20. c4 Nb4 21. a3 fxe5 22. Nh4 Nc6 23. 0-0-0 Qf6 24. Qe2 Qg5+ 25. Kb1 Qg4 26. Qg2 Rf7 27. Qd5 Qd4 28. Qe6 Nd8 29. Qe8+ Kg7 30. g4 hxg4 31. Nf5+ Rxf5 32. Rxh7+ Kxh7 33. Rh1+ Kg7 34. Qh8+ Kg6 35. Qh7+ Kf6 36. Rh6+ Kg5 37. Rh5+ Kf4 38. Rxf5+ Ke3 39. Qh6+ Kxd3 40. Rf1 Kxc4 0-1

[Event "Delft Prinsenstad op-A"]
[Site "Delft"]
[Date "2008.01.06"]
[Round "4"]
[White "Op den Kelder, Joram"]
[Black "Meng, Roger"]
[Result "1-0"]
[WhiteElo "2243"]
[BlackElo "1955"]
[PlyCount "71"]
[EventDate "2008.01.04"]
[EventType "swiss"]
[EventRounds "6"]
[EventCountry "NED"]
[SourceTitle "EXT 2010"]
[Source "ChessBase"]
[SourceDate "2010.11.25"]
[SourceVersion "1"]
[SourceVersionDate "2010.11.25"]
[SourceQuality "1"]

1. e4 c5 2. Nf3 d6 3. d4 cxd4 4. Nxd4 Nf6 5. Nc3 g6 6. Be3 Bg7 7. f3 Nc6 8. Qd2 0-0 9. 0-0-0 d5 10. exd5 Nxd5 11. Nxc6 bxc6 12. Bd4 e5 13. Bc5 Be6 14. Ne4 Re8 15. Bc4 Qc7 16. h4 Nf4 17. Bd6 Qc8 18. Bxe6 Qxe6 19. Kb1 h6 20. Nc5 Qc4 21. Rhe1 Red8 22. b3 Qb5 23. a4 Qb6 24. a5 Qb5 25. c4 Rxd6 26. cxb5 Rxd2 27. Rxd2 cxb5 28. g3 Nh5 29. g4 Nf4 30. Rd7 a6 31. Red1 Ne2 32. Rd8+ Rxd8 33. Rxd8+ Kh7 34. Nxa6 Nd4 35. Nb4 Bf6 36. Rxd4 1-0

[Event "Delft Prinsenstad op-A"]
[Site "Delft"]
[Date "2008.01.05"]
[Round "2"]
[White "Op den Kelder, Joram"]
[Black "Li, Shilong"]
[Result "0-1"]
[WhiteElo "2243"]
[BlackElo "2484"]
[PlyCount "86"]
[EventDate "2008.01.04"]
[EventType "swiss"]
[EventRounds "6"]
[EventCountry "NED"]
[SourceTitle "EXT 2010"]
[Source "ChessBase"]
[SourceDate "2010.11.25"]
[SourceVersion "1"]
[SourceVersionDate "2010.11.25"]
[SourceQuality "1"]

1. e4 d6 2. d4 g6 3. Nc3 Bg7 4. f4 c6 5. Nf3 Bg4 6. Be3 Qb6 7. Qd2 Bxf3 8. gxf3 e6 9. 0-0-0 d5 10. f5 exf5 11. exd5 Nf6 12. dxc6 bxc6 13. d5 Qa5 14. Bh6 0-0 15. Bc4 Nbd7 16. Bxg7 Kxg7 17. Rhe1 Nb6 18. Bb3 c5 19. Qf4 Rac8 20. a3 c4 21. Ba2 Rfd8 22. d6 Rc5 23. Re7 Nc8 24. Rc7 Rxd6 25. Rxc5 Qxc5 26. Qxc4 Qe3+ 27. Kb1 Rxd1+ 28. Nxd1 Qd2 29. Qd3 Qxh2 30. Bxf7 Kxf7 31. Qc4+ Kg7 32. Qxc8 h5 33. Qc5 Qe2 34. Qxa7+ Kh6 35. Qe3+ Qxe3 36. Nxe3 f4 37. Nf1 g5 38. a4 g4 39. fxg4 hxg4 40. a5 g3 41. Nd2 Ne4 42. Nf3 Ng5 43. Ng1 f3 0-1

[Event "Banyoles op 10th"]
[Site "Banyoles"]
[Date "2007.08.23"]
[Round "8"]
[White "Op den Kelder, Joram"]
[Black "Marin, Mihail"]
[Result "0-1"]
[WhiteElo "2247"]
[BlackElo "2533"]
[PlyCount "108"]
[EventDate "2007.08.16"]
[EventType "swiss"]
[EventRounds "9"]
[EventCountry "ESP"]
[SourceTitle "CBM 119 Extra"]
[Source "ChessBase"]
[SourceDate "2007.09.04"]
[SourceVersion "1"]
[SourceVersionDate "2007.09.04"]
[SourceQuality "1"]

1. e4 e5 2. Nf3 Nc6 3. Bb5 a6 4. Ba4 Nf6 5. 0-0 Be7 6. Re1 b5 7. Bb3 d6 8. c3 0-0 9. h3 Na5 10. Bc2 c5 11. d4 Qc7 12. Nbd2 Nc6 13. d5 Nd8 14. a4 Rb8 15. axb5 axb5 16. b4 Bd7 17. bxc5 Qxc5 18. Re3 Qc7 19. Ba3 Re8 20. Bb4 Nb7 21. Nb3 Bf8 22. Ra7 Qb6 23. Qa1 Nc5 24. Re1 Na4 25. Ra5 Nh5 26. Nbd2 Nf4 27. c4 Nc5 28. Qa3 Rec8 29. Rb1 Qd8 30. Kh2 Qf6 31. Qe3 Be7 32. Ra7 Nb7 33. Ng1 Bd8 34. g3 Ng6 35. Bd3 Nf8 36. cxb5 Nc5 37. Bxc5 Rxc5 38. Ra6 Rc3 39. b6 Bxb6 40. Raxb6 Rxd3 41. Qe2 Rxb6 42. Rxb6 Rc3 43. Kg2 h6 44. Nc4 Qd8 45. Rb4 Qc7 46. Ne3 Nh7 47. Rc4 Rxc4 48. Qxc4 Qb6 49. Ne2 Nf6 50. Nc3 Qd4 51. Qc7 Kh7 52. Nc2 Bxh3+ 53. Kxh3 Qxf2 54. Nb4 Qf1+ 0-1

[Event "Dieren op"]
[Site "Dieren"]
[Date "2007.07.30"]
[Round "6"]
[White "Schenkeveld, Daniel"]
[Black "Op den Kelder, Joram"]
[Result "0-1"]
[WhiteElo "2085"]
[BlackElo "2247"]
[PlyCount "86"]
[EventDate "2007.07.24"]
[EventType "swiss"]
[EventRounds "9"]
[EventCountry "NED"]
[SourceTitle "CBM 119 Extra"]
[Source "ChessBase"]
[SourceDate "2007.09.04"]
[SourceVersion "1"]
[SourceVersionDate "2007.09.04"]
[SourceQuality "1"]

1. e4 c5 2. Nf3 e6 3. Nc3 Nc6 4. d4 cxd4 5. Nxd4 Qc7 6. Be3 a6 7. Bd3 Nf6 8. 0-0 Ne5 9. Nf3 Nfg4 10. Nxe5 Nxe3 11. Qh5 g6 12. Qf3 Qxe5 13. fxe3 f6 14. Qxf6 Qxf6 15. Rxf6 Bg7 16. Rf3 b5 17. Raf1 Ra7 18. Rf7 Be5 19. a4 Bxc3 20. bxc3 bxa4 21. e5 Kd8 22. Ra1 Rc7 23. Rxa4 Rxc3 24. Rd4 Rc5 25. Bxa6 Ke8 26. Rg7 Kf8 27. Rdxd7 Bxd7 28. Rxd7 Rxc2 29. g4 h5 30. Bd3 Rd2 31. g5 Ke8 32. Rd6 Ke7 33. Bxg6 Re2 34. Ra6 Rc8 35. Ra7+ Kd8 36. Ra1 h4 37. Rf1 Rc5 38. Bb1 Rxe5 39. Rd1+ Ke7 40. g6 Rg5+ 41. Kf1 Rxh2 42. Be4 Rg4 43. Rd4 Kf6 0-1

[Event "Dieren op"]
[Site "Dieren"]
[Date "2007.07.27"]
[Round "4"]
[White "Op den Kelder, Joram"]
[Black "Roy Chowdhury, Saptarshi"]
[Result "0-1"]
[WhiteElo "2247"]
[BlackElo "2420"]
[PlyCount "72"]
[EventDate "2007.07.24"]
[EventType "swiss"]
[EventRounds "9"]
[EventCountry "NED"]
[SourceTitle "CBM 119 Extra"]
[Source "ChessBase"]
[SourceDate "2007.09.04"]
[SourceVersion "1"]
[SourceVersionDate "2007.09.04"]
[SourceQuality "1"]

1. e4 b6 2. d4 Bb7 3. Bd3 e6 4. f4 g6 5. Nf3 Bg7 6. 0-0 d5 7. Qe2 Ne7 8. e5 h5 9. Be3 Qc8 10. b4 a5 11. c3 a4 12. h3 c6 13. Qd1 Ba6 14. Qxa4 Nd7 15. Bxa6 Qxa6 16. Qc2 Bh6 17. g4 hxg4 18. hxg4 Bxf4 19. Bxf4 Rh1+ 20. Kxh1 Qxf1+ 21. Ng1 Qxf4 22. Qe2 c5 23. Qf3 Qc1 24. Qf2 cxb4 25. cxb4 Nc6 26. b5 Na5 27. Qd2 Qf1 28. Qe3 Nc4 29. Qf3 Qc1 30. Qc3 Qd1 31. Kg2 Qxg4+ 32. Kf2 Rc8 33. Nf3 Nd6 34. Qd3 Ne4+ 35. Ke3 g5 36. Nbd2 Rc3 0-1

[Event "Dieren op"]
[Site "Dieren"]
[Date "2007.07.26"]
[Round "3"]
[White "Kabanof, Nikolai"]
[Black "Op den Kelder, Joram"]
[Result "0-1"]
[WhiteElo "2282"]
[BlackElo "2247"]
[PlyCount "72"]
[EventDate "2007.07.24"]
[EventType "swiss"]
[EventRounds "9"]
[EventCountry "NED"]
[SourceTitle "CBM 119 Extra"]
[Source "ChessBase"]
[SourceDate "2007.09.04"]
[SourceVersion "1"]
[SourceVersionDate "2007.09.04"]
[SourceQuality "1"]

1. b3 d5 2. Bb2 Nc6 3. g3 e5 4. Bg2 Be6 5. e3 Qd7 6. Ne2 0-0-0 7. h3 d4 8. exd4 Bd5 9. f3 exd4 10. Nxd4 Nxd4 11. Bxd4 Qd6 12. Qe2 Qxg3+ 13. Qf2 Qg6 14. c4 Bd6 15. 0-0 Bg3 16. Qe3 Bc6 17. b4 Nh6 18. Qc3 Rhe8 19. b5 Re2 20. Bf2 Rd3 21. bxc6 Rxc3 22. cxb7+ Kxb7 23. Nxc3 Rxd2 24. f4+ c6 25. Ne4 Bxf2+ 26. Rxf2 Rxf2 27. Kxf2 Nf5 28. Bf3 Qh6 29. Rd1 Qxf4 30. Rd7+ Kc8 31. Rxf7 Qe3+ 32. Kg2 Nh4+ 33. Kg3 Nxf3 34. Nd6+ Kb8 35. Rf8+ Kc7 36. Nf7 Qc3 0-1

[Event "NED-ch U21"]
[Site "Venlo"]
[Date "2007.04.28"]
[Round "2"]
[White "Op den Kelder, Joram"]
[Black "Rademakers, Evert"]
[Result "1-0"]
[WhiteElo "2169"]
[BlackElo "2097"]
[PlyCount "67"]
[EventDate "2007.04.27"]
[EventType "swiss"]
[EventRounds "9"]
[EventCountry "NED"]
[SourceTitle "EXT 2009"]
[Source "ChessBase"]
[SourceDate "2008.11.26"]
[SourceVersion "1"]
[SourceVersionDate "2008.11.26"]
[SourceQuality "1"]

1. e4 c6 2. d4 d5 3. Nc3 dxe4 4. Nxe4 Bf5 5. Ng3 Bg6 6. h4 h6 7. Nf3 Nd7 8. h5 Bh7 9. Bd3 Bxd3 10. Qxd3 e6 11. Bf4 Qa5+ 12. Bd2 Qc7 13. 0-0-0 Ngf6 14. Ne4 0-0-0 15. g3 Nc5 16. Nxc5 Bxc5 17. c4 Bd6 18. Bc3 Qe7 19. a3 Kb8 20. Qe2 Rhg8 21. Kb1 Ka8 22. Ne5 Rc8 23. Ng4 Nxg4 24. Qxg4 b5 25. cxb5 cxb5 26. Rhe1 Qb7 27. d5 exd5 28. Qf5 f6 29. Rxd5 Be5 30. Rd7 Rc7 31. Rxc7 Bxc7 32. Re7 Qh1+ 33. Ka2 Qc6 34. Rxc7 1-0

[Event "Dieren op"]
[Site "Dieren"]
[Date "2006.08.02"]
[Round "8"]
[White "Roktim, Bandyopadhyay"]
[Black "Op den Kelder, Joram"]
[Result "1/2-1/2"]
[WhiteElo "2365"]
[BlackElo "2217"]
[PlyCount "147"]
[EventDate "2006.07.25"]
[EventType "swiss"]
[EventRounds "9"]
[EventCountry "NED"]
[SourceTitle "CBM 113 Extra"]
[Source "ChessBase"]
[SourceDate "2006.09.14"]
[SourceVersion "1"]
[SourceVersionDate "2006.09.14"]
[SourceQuality "1"]

1. d4 Nf6 2. Nf3 g6 3. g3 Bg7 4. Bg2 0-0 5. 0-0 d6 6. Re1 Nbd7 7. e4 e5 8. c3 Re8 9. Nbd2 Nf8 10. h3 c6 11. b3 h6 12. Ba3 Be6 13. dxe5 dxe5 14. Nxe5 N6d7 15. Nxd7 Qxd7 16. Re3 Rad8 17. Bc1 Bxh3 18. Qe2 Bxg2 19. Kxg2 h5 20. Nc4 b5 21. Nb2 Qe6 22. Nd3 Bxc3 23. Bb2 Bxb2 24. Qxb2 Nh7 25. Nc5 Qe5 26. Qxe5 Rxe5 27. b4 Rd4 28. a4 bxa4 29. f4 Re7 30. Rxa4 Nf6 31. Kf3 Kg7 32. Re2 Rc4 33. Ra6 Rxb4 34. Rxc6 Rb6 35. Rc8 Nd7 36. Nd3 Rb3 37. Re3 Nb6 38. Rc5 Ra3 39. Ne5 Rxe3+ 40. Kxe3 Rb7 41. Kd4 Nd7 42. Nxd7 Rxd7+ 43. Ke3 a6 44. e5 Rb7 45. Kf2 Kf8 46. Ra5 Ra7 47. Kf3 Ke7 48. Ke4 Ke6 49. f5+ gxf5+ 50. Kf4 Ra8 51. Kg5 Ra7 52. Kf4 Ra8 53. Kg5 Rg8+ 54. Kf4 Rg4+ 55. Kf3 Rg6 56. Rxa6+ Kxe5 57. Ra5+ Kf6 58. Ra8 Kg5 59. Rh8 Ra6 60. Rg8+ Kf6 61. Kg2 Ra3 62. Rb8 Kg5 63. Rb4 Ra2+ 64. Kh3 Rf2 65. Rb5 Kf6 66. Rb4 Re2 67. Rb8 f4 68. gxf4 Re3+ 69. Kg2 Kf5 70. Rb5+ Kxf4 71. Rxh5 Re2+ 72. Kf1 Ra2 73. Rh3 f5 74. Rb3 1/2-1/2

[Event "Haarlem BDO-B"]
[Site "Haarlem"]
[Date "2006.08.??"]
[Round "2"]
[White "Op den Kelder, Joram"]
[Black "Grondsma, Mark"]
[Result "1-0"]
[WhiteElo "2217"]
[BlackElo "2122"]
[PlyCount "45"]
[EventDate "2006.08.26"]
[EventType "tourn"]
[EventRounds "9"]
[EventCountry "NED"]
[SourceTitle "EXT 2015"]
[Source "ChessBase"]
[SourceDate "2014.11.20"]
[SourceVersion "1"]
[SourceVersionDate "2014.11.20"]
[SourceQuality "1"]

1. e4 c5 2. Nf3 d6 3. d4 cxd4 4. Nxd4 Nf6 5. Nc3 a6 6. Bg5 e6 7. f4 Be7 8. Qf3 Qc7 9. 0-0-0 Nbd7 10. Bd3 b5 11. Rhe1 Bb7 12. Qg3 b4 13. Nd5 exd5 14. exd5 g6 15. Qh4 Kd8 16. Rxe7 Kxe7 17. Re1+ Kf8 18. Bxf6 Nxf6 19. Qxf6 Kg8 20. Nf5 gxf5 21. Qg5+ Kf8 22. Qh6+ Kg8 23. Re3 1-0